LEADER 00537nas a2200157 i 4500 001 000000013386 003 CaOOAMICUS 005 20180830125441.0 008 180830n it u0 ita u 040 $aSeMil$bita 245 13$aLe Firme. 260 $aTorino :$bSEI,$c[197-]?. 300 $av. ;$c22 cm. 774 0 $aVigorelli, Giancarlo <1913-2005>$tDiario europeo.$dTorino : Societą Editrice Internazionale, 1977.$w()18996 996 $6245$aLe Firme$9(OLS)http://semarc/title/17836 996 $6260$aTorino :$bSEI$9(OLS)http://semarc/publisher/29848 LEADER 00867nam a2200253 i 4500 001 000000190378 003 CaOOAMICUS 005 20200506154505.0 008 100611s1964 it u000 u ita u 013 $a168772 040 $aSeMil$bita 245 10$a4: Lettere 117.-154. 300 $a537 p. 500 $aFondo Card. Giovanni Colombo. 700 0 $aHieronymus,$c.$0(OLS)http://semarc/name/471 773 0 $aHieronymus $tLettere.$dRoma : Cittą Nuova, 1962-1964.$g4$w()1103 850 $aSeMil 852 $aSeMil$W1$xVenegono$y1$m2S IV 169$j140997$B140997$CSeMilBibl$Z2$F152610 $81 900 0 $aGirolamo$c. 941 1 $a3 961 $aLascito: Colombo Card. Giovanni 996 $6245$a4: Lettere 117.-154.$9(OLS)http://semarc/title/274256